| 000 | 00920nam0a2200265 4500 | ||
|---|---|---|---|
| 001 | RU\NLR\bibl\238604 | ||
| 005 | 20250619113156.0 | ||
| 035 | _a(NLR Aleph) 000234500 | ||
| 090 |
_a1365358 _c1365358 |
||
| 100 | _a20020315d2001 |||y0rusy50 ca | ||
| 101 | 0 | _arus | |
| 102 | _aRU | ||
| 105 | _aac ||||||||| | ||
| 200 | 1 |
_aВечность без возраста _eСтихи _fОльга Шибер _gХудож. Юлия Биктимирова |
|
| 210 |
_aСПб. _cЧетверг _aЧита _cБ.и. _d2001 |
||
| 215 |
_a138 с. _cил., портр. _d14 |
||
| 686 | _aШ6(2=Р)75-5 | ||
| 700 | 1 |
_4070 _7ca _8rus _aШибер _bО. В. _f1982- _gОльга Валентиновна _9182608 _3RU\NLR\AUTH\770182659 |
|
| 801 | 0 |
_aRU _bNLR _c20020315 _gPSBO |
|
| 801 | 1 |
_aRU _bNLR _c20020315 |
|
| 942 | _cBOOK | ||
| 980 | _aNB | ||